000 00719cam a2200265 4500
008 090401t1997 xxu||||| |||| 00| 0 eng d
020 _a1860811388
035 _a(Sirsi) u78290
041 _aeng
050 _a693.1
110 _aBuilding Research Establishment
245 _aExternal cladding using thin stone.
260 _aLondon
_bConstruction Research Communications Ltd
_c1997
300 _a4p. : ill. ; 30cm.
350 _a0
490 _aBRE Information Paper
_vIP 6/97
650 _aBS 8298
650 _aCLADDING
650 _aSTONE CLADDING
690 _aBUILT ENVIRONMENT-BUILDING PATHOLOGY
700 _aChakrabarti, B.
700 _aYates, T.J.S.
942 _n0
948 _c12/05/1997
999 _c96422
_d96422